|
|
|
|
| LEADER |
02887nam a2200529 4500 |
| 001 |
978-981-13-1147-5 |
| 003 |
DE-He213 |
| 005 |
20191024021552.0 |
| 007 |
cr nn 008mamaa |
| 008 |
180615s2018 si | s |||| 0|eng d |
| 020 |
|
|
|a 9789811311475
|9 978-981-13-1147-5
|
| 024 |
7 |
|
|a 10.1007/978-981-13-1147-5
|2 doi
|
| 040 |
|
|
|d GrThAP
|
| 050 |
|
4 |
|a LC8-6691
|
| 072 |
|
7 |
|a JNF
|2 bicssc
|
| 072 |
|
7 |
|a EDU034000
|2 bisacsh
|
| 072 |
|
7 |
|a JNF
|2 thema
|
| 082 |
0 |
4 |
|a 379
|2 23
|
| 100 |
1 |
|
|a Hu, Bo.
|e author.
|4 aut
|4 http://id.loc.gov/vocabulary/relators/aut
|
| 245 |
1 |
0 |
|a Educating Migrant Children in Urban Public Schools in China
|h [electronic resource] :
|b Unravelling the Implementation Paradox /
|c by Bo Hu.
|
| 250 |
|
|
|a 1st ed. 2018.
|
| 264 |
|
1 |
|a Singapore :
|b Springer Singapore :
|b Imprint: Springer,
|c 2018.
|
| 300 |
|
|
|a X, 115 p. 3 illus.
|b online resource.
|
| 336 |
|
|
|a text
|b txt
|2 rdacontent
|
| 337 |
|
|
|a computer
|b c
|2 rdamedia
|
| 338 |
|
|
|a online resource
|b cr
|2 rdacarrier
|
| 347 |
|
|
|a text file
|b PDF
|2 rda
|
| 490 |
1 |
|
|a SpringerBriefs in Education,
|x 2211-1921
|
| 505 |
0 |
|
|a Chapter 1 Introduction -- Chapter 2 Policy Implementation Theories -- Chapter 3 Inter-Governmental Relationships and Policy Implementation -- Chapter 4 Funding Allocation and Policy Implementation -- Chapter 5 Exam-Oriented Education System and Policy Implementation -- Chapter 6 Intergroup Relations and Policy Implementation -- Chapter 7 Conclusion.
|
| 520 |
|
|
|a This book investigates the implementation of the education policy for migrant children, arguing that it has been selectively implemented: while some policy themes have been effectively implemented, others have not. Four factors underlie this selective implementation: specificity of policy goals, funding for education, local incentives in an exam-oriented education system, and intergroup relationships between migrant and urban children.
|
| 650 |
|
0 |
|a Educational policy.
|
| 650 |
|
0 |
|a Education and state.
|
| 650 |
|
0 |
|a International education .
|
| 650 |
|
0 |
|a Comparative education.
|
| 650 |
|
0 |
|a School management and organization.
|
| 650 |
|
0 |
|a School administration.
|
| 650 |
1 |
4 |
|a Educational Policy and Politics.
|0 http://scigraph.springernature.com/things/product-market-codes/O19000
|
| 650 |
2 |
4 |
|a International and Comparative Education.
|0 http://scigraph.springernature.com/things/product-market-codes/O13000
|
| 650 |
2 |
4 |
|a Administration, Organization and Leadership.
|0 http://scigraph.springernature.com/things/product-market-codes/O17000
|
| 710 |
2 |
|
|a SpringerLink (Online service)
|
| 773 |
0 |
|
|t Springer eBooks
|
| 776 |
0 |
8 |
|i Printed edition:
|z 9789811311468
|
| 776 |
0 |
8 |
|i Printed edition:
|z 9789811311482
|
| 830 |
|
0 |
|a SpringerBriefs in Education,
|x 2211-1921
|
| 856 |
4 |
0 |
|u https://doi.org/10.1007/978-981-13-1147-5
|z Full Text via HEAL-Link
|
| 912 |
|
|
|a ZDB-2-EDA
|
| 950 |
|
|
|a Education (Springer-41171)
|